000 00534nam a2200169Ia 4500
008 230718s9999 xx 000 0 und d
020 _a9789533079394
041 _aeng
082 _a621.042
_bNAY
100 _aNayeripour M. (Editor)
_9197796
245 _aRenewable Energy
_bTrends And Applications
260 _c2014
_bIntech
300 _a250
_dRef 147 M (51352)
365 _cRs.
_b7042.14
700 _aNayeripour M. (Editor) & Kheshti M. (Editor)
_9197797
906 _dO:0462419-Aug-2015B:SE/SI/208014-Aug-2015
_cMECH
_b2112.64
999 _c340145
_d340145